Enciclopedia de la seguridad informática (Registro nro. 306996)

Detalles MARC
000 -ENCABEZADO
Número de control [NR] 00751cam a2200229Mi 4500
001 - NÚMERO DE CONTROL
control field ocn725410000
005 - FECHA Y HORA DE LA ÚLTIMA TRANSACCIÓN
control field 20211105120836.0
008 - DE LONGITUD FIJA DE DATOS DE ELEMENTOS - INFORMACIÓN GENERAL
Elementos de longitud fija [NR] 170901s2011 mx r 001 0 spa d
020 ## - NUMERO INTERNACIONAL NORMALIZADO PARA LIBROS [R]
Número Internacional Normalizado del libro [NR] 9786077071815 (2a.Ed.)
035 ## - NUMERO DE CONTROL DEL SISTEMA [R]
Número de control del sistema [NR] (OCoLC)725410000
040 ## - FUENTE DE CATALOGACION [NR]
Agencia de catalogación original [NR] CO-BoUCM
Idioma de catalogación [NR] spa
Quien Cataloga Sandra Palacio
Quien Clasifica Sandra Palacio
041 0# - CODIGO DE IDIOMA [R]
Código de idioma para texto/pista de sonido o título separado [R] Español
100 1# - ASIENTO PRINCIPAL--NOMBRE PERSONAL [NR]
Nombre personal [NR] Gómez Vieites, Álvaro
ID Autoridad 56042
245 10 - MENCION DE TITULO [NR]
Título [NR] Enciclopedia de la seguridad informática
Mención de responsabilidad, etc. [NR] Álvaro Gómez Vieites
250 ## - MENCION DE EDICION [NR]
Mención de edición [NR] 2a.Ed.
260 ## - PUBLICACION, DISTRIBUCION, ETC. (PIE DE IMPRENTA) [R]
Lugar de publicación, distribución, etc. [R] México D.F. (México)
Nombre del editor, distribuidor, etc. [R] Alfaomega Ra-Ma
Fecha de publicación, distribución, etc. [R] 2011
300 ## - DESCRIPCION FISICA [R]
Extensión [R] 825 páginas
650 17 - ASIENTO SECUNDARIO DE MATERIA - TERMINO TEMATICO [R]
Término temático o nombre geográfico como elemento de entrada [NR] Informática
Subdivisión general [R] Seguridad
9 (RLIN) 87059
650 27 - ASIENTO SECUNDARIO DE MATERIA - TERMINO TEMATICO [R]
Término temático o nombre geográfico como elemento de entrada [NR] Seguridad informática
9 (RLIN) 47082
942 ## - ELEMENTOS DE ENTRADA AGREGADOS (KOHA)
Sistema de clasificación DEWEY
Tipo de ítem principal el descrito en 300a Libro
Tema principal Generalidades
Edición 2
Clasificación 005.8
Parte restante de la signatura top. G569es
Existencias
Signatura topográfica Código de barras Última vez visto Volúmen / Fascículo Ejemplar Costo de reposición Price effective from Tipo de ítem Perdido Sistema de clasificación Dañado No prestable Tipo de ítem específico Suprimido Ubicación habitual Ubicación actual Localización Fecha de creación Proveedor Forma de adquisición Costo
005.8 G569es 100153943 02/12/2024 2a.Ed. Ej.1 119786.00 28/08/2017 Libro   DEWEY     Libro   Bodega Bodega 5to piso 28/08/2017 37 Compra 119786.00